000 00594nam a2200229Ia 4500
003 OSt
005 20221005125428.0
006 a|||||r|||| 00| 0
007 ta
008 221004b |||||||| |||| 00| 0 tam d
024 _a52780
037 _cTextual
040 _aCRL
_cCRL
_btam
041 _2tam
_atam
082 _aY73(P31):37, 31J8
100 _aMaraimalaiadigal
_9630696
245 0 _aPazhanthamizh kolgaiye saivasamayam
260 _c1958
650 _aSOCIOLOGY
942 _hY73(P31):37, 31J8
_cTEXL
_2cc
999 _c1054002
_d1054002